000 00670nam a2200241Ia 4500
003 OSt
005 20221007071252.0
006 a|||||r|||| 00| 0
007 ta
008 221006b |||||||| |||| 00| 0 eng d
024 _a25,183
037 _cTextual
040 _aFLL
_cFLL
_beng
041 _2eng
_aeng
082 _aZ3:AqNt, G9.3-6
100 _aCrowder F. E.
_9688423
245 0 _aEmergency legislation service
260 _aLondon
_bButterworth & Co. ,Ltd. UK
_c1940
300 _aviii,143p
_ccm.
700 _a Bucher F. N.
_9688424
942 _hZ3:AqNt, G9.3-6
_cTEXL
_2CC
999 _c1142903
_d1142903